Responses for show #4975 - Friday, April 7, 2006

Michael Falk game 4.

Contestants

[<< previous game]

Melanie Madden, a bookseller originally from Barstow, California

William Lee, a software engineer from South San Francisco, California

Michael Falk, a meteorologist from Milwaukee, Wisconsin (whose 3-day cash winnings total $59,403)

[next game >>]

Jeopardy! Round responses

CLASSIC LITERATURE
BASEBALL MANAGERS
SHIPS
GOIN' MONACO A MONACO
CLOSE BUT NO SITAR
CROSSWORD CLUES "L"
    $200 13
Moby-Dick

William
    $200 3
Joe Torre

William
    $200 10
the Santa Maria

Michael
    $200 25
(Melanie: What is 5?)
...
(Alex: Correct response,
"What is [*]?" It's very small. Tiny.)

1

Melanie
Triple Stumper
    $200 1
a ukulele

Michael
    $200 12
lamb

William
    $400 14
Holden Caulfield

William
    $400 4
Tommy Lasorda

William
    $400 22
Leonardo da Vinci

Triple Stumper
    $400 26
an income tax

William
    $400 2
trombone

William
    $400 18
luck

William
    $600 15
War and Peace

Michael
    $600 5
(Leo) Durocher

Michael
    $600 23
ballast

Melanie
    $2,400 27
(Alex: It was nullified by a 2002 law, I think.)

France

William
    $600 8
lute

Michael
    $600 19
Lincoln

Michael
    $800 16
(Jane) Austen

Michael
    $800 6
Connie Mack

Michael
    $800 24
(Michael: What is an ironclad?)
...
(Alex: It was one of the first [*]s.)

frigate

Michael
Triple Stumper
    $800 28
Monte Carlo

William
    $800 9
a balalaika

William
    $800 20
lullaby

Melanie
    $1000 17
The Hunchback of Notre Dame

Triple Stumper
    $1000 7
"Sparky"

Michael
    $1000 30
the Queen Elizabeth

Triple Stumper
    $1000 29
(Michael: Who is Princess Grace?)
...
(Alex: Who is her daughter, [*]?)

Princess Stephanie

Michael
Triple Stumper
    $1000 11
(William: What is a concertina?)

a hurdy-gurdy

William
Triple Stumper
    $1000 21
Lhasa

Michael

Scores at the first commercial break (after clue 16):

Michael William Melanie
$4,800 $1,600 $0

Scores at the end of the Jeopardy! Round:

Michael William Melanie
$4,600 $5,600 $1,200

Double Jeopardy! Round responses

HOTEL CALIFORNIA
LIFE IN THE FAST LANE
ONE OF THESE NIGHTS
ALREADY GONE
I CAN'T TELL YOU "Y"
THE EAGLES
    $400 1
the United Nations

William
    $400 11
a sonic boom

Melanie
    $400 21
an iceberg

William
    $400 16
the mastodon

William
    $400 5
Yemen

William
    $400 26
Don Henley

William
    $800 2
(Alex: And that is the famous [*].)

Hotel del Coronado

Triple Stumper
    $800 12
a radar detector

Melanie
    $800 22
Robert F. Kennedy

Melanie
    $800 17
Triceratops

William
    $800 6
Yonkers

William
    $800 27
Glenn Frey

Triple Stumper
    $1200 3
the Queen Mary

Melanie
    $1200 13
Mercury

William
    $1200 23
Baryshnikov

Melanie
    $1200 18
a zebra

William
    $3,000 7
Yamaha

William
    $1200 28
"Take It Easy"

Michael
    $1600 4
(Chateau) Marmont

Triple Stumper
    $5,000 14
jai alai

William
    $1600 24
Knives

Triple Stumper
    $1600 19
(Melanie: What is a bear?--what is [*]?)

a cave bear

Melanie
    $1600 8
Yeshiva

William
    $1600 29
Hell Freezes Over

Michael
    $2000 10
the Madonna Inn

Melanie
    $2000 15
(William: What is light?)
(Alex: Be more specific.)

the speed of light

William
    $2000 25
(Melanie: What is the Mount of Olives?)
(Alex: Be more specific.)

Gethsemane

WilliamMelanie
    $2000 20
Steller's sea cow

Triple Stumper
    $2000 9
Ypres

William
    $2000 30
Desperado

Triple Stumper

Scores at the end of the Double Jeopardy! Round:

Michael William Melanie
$7,400 $27,200 $7,200
(lock game)

[wagering suggestions for these scores]

Final Jeopardy! Round responses

TELEVISION
(Alex: Wouldya like to be my friend--in my neighborhood? Yes, indeed, you're right.)
...
(Alex: Let's go to Michael Falk, who was solid for three days and ran into a buzzsaw named William Lee today.)
MelanieWho is Fred Rogers? =)
$425
MichaelWho is Ned Flanders? Fred Mertz?
$7,001
WilliamWho is Mr. Rogers?
$2,800
Fred Rogers

Final scores:

Michael William Melanie
$399 $30,000 $7,625
3rd place: $1,000 New champion: $30,000 2nd place: $2,000

Game dynamics:

Coryat scores:

Michael William Melanie
$7,400 $20,200 $7,200
12 R,
2 W
26 R
(including 3 DDs),
1 W
9 R,
2 W

Combined Coryat: $34,800

The J! Archive is created by fans, for fans. The Jeopardy! game show and all elements thereof, including but not limited to copyright and trademark thereto, are the property of Jeopardy Productions, Inc. and are protected under law. This website is not affiliated with, sponsored by, or operated by Jeopardy Productions, Inc. Join the discussion at JBoard.tv.